000 01321nam a2200253Ia 4500
003 Ost
005 20260507075149.0
008 260507s9999||||xx |||||||||||||| ||und||
020 _a1588317977
040 _cfsecg
041 _aara
082 _a330
100 _aالبسطويسي، ابراهيم احمد
_eمؤلف
245 0 _aايداع الأوراق المالية في البنوك (وديعة الصكوك) :
_bدراسة مقارنة /
_c ابراهيم احمد البسطويسي
260 _aالاسكندرية:
_bدار الفكر الجامعي,
_c2009
300 _a255 صفحة؛
_c24 سم
504 _aمراجع ص.317
520 _aبيان ماهية وديعة الصكوك،تكوين عقد وديعة الصكوك : الحديث عن طرفي العقد ، الرضا في العقد ، محل العقد ، ركن السبب في العقد ، آثار عقد وديعة الصكوك و ذلك من خلال التزامات المودع إليه و المودع ، إنهاء عقد وديعة الصكوك لأسباب ناشئة من طبيعته و لأسباب ناشئة من عوامل خارجة عنه
653 _aالأوراق المالية
653 _aالبنوك
653 _aالشيكات
653 _aودائع البنكية
942 _cكتاب
999 _c43331
_d43331